000 00892cam a22003017a 4500
003 CHAP
005 20220329141039.0
008 971013s r 00010 d
010 _a61812
011 _a62784
035 _a66959
040 _cCHAP
090 _aFolleto 14805
100 0 0 _aOrtiz Solorio, Carlos Alberto.
_984067
245 1 3 _aEl investigador y la ciencia (aspectos psicológicos)
260 _a(s.l.) :
_b(s.e.),
_c(199?)
300 _a19 h.
590 _aBATCH-UPD
_b10
_c20130110
_lUCH01
_h1358
590 _aBATCH-UPD
_b10
_c20130410
_lUCH01
_h0851
590 _aBATCH-UPD
_b10
_c20130914
_lUCH01
_h0933
590 _aCONVERSION
_b10
_c20130109
_lUCH01
_h1333
650 1 4 _aCiencia.
_923107
650 1 4 _aInvestigación.
_960221
700 0 _aOjeda Trejo, Enrique.
_982917
901 _aBK
942 _cFOLL
949 _aFolleto 14805
_bBC
_cFOLL
_d-152199
_eTS1
_i66959
_si
999 _c61812
_d61812